MESTSKÁ KNIŽNICA GIRALTOVCE  - online katalóg 

Všeobecný encyklopedický slovník S-Ž (Record no. 20525)

000 -NÁVESTIE
fixed length control field 00302nam a2200121 a 4500
008 - ÚDAJE S PEVNOU DĹŽKOU – VŠEOBECNÉ INFORMÁCIE
fixed length control field 141120s2005|||| d
020 ## - MEDZINÁRODNÉ ŠTANDARDNÉ ČÍSLO KNIHY (ISBN)
Údaje o dostupnosti 11,25
041 ## - KÓD JAZYKA
Kód jazyka textu/zvukovej stopy alebo samostatných nápisov slo
044 ## - KÓD KRAJINY VYDAVATEĽA/PRODUCENTA
Kód krajiny MARC xo
Kód krajiny ISO SK
245 10 - NÁZOV
Názov Všeobecný encyklopedický slovník S-Ž
260 ## - VYDAVATEĽSKÉ ÚDAJE, DISTRIBÚCIA ATĎ.
Názov vydavateľa, distibútora atď. Ottovo nakladetelstvo
Miesto publikovania, distribúcie atď. Praha
Dátum publikovania, distribúcie atď. 2005
958 ## - Formálny deskriptor
Formálny deskriptor AZN
Holdings
Stav stiahnutia (Blokovanie) (Withrawn status) Stav straty Stav poškodenia (Damaged status) Nie pre výpožičky (Not for loan) Spôsob nadobudnutia (Collection code) Trvalé umiestnenie Aktuálne umiestnenie Dátum nadobudnutia Náklady, bežná kúpna cena Inventárne číslo (prírastkové číslo) Full call number Dátum posledného výskytu Cena s účinnosťou od Typ jednotky Koha
        Kúpa Mestská knižnica Giraltovce Mestská knižnica Giraltovce 2019-11-29 11.25 18 940 I 1624 2019-11-29 2019-11-29 Odborná literatúra pre dospelých

Powered by Koha